00822nam a2200241Ia 4500003000400000005001700004008004100021020001800062040001800080041000800098082001900106100003000125245005000155250001200205260006900217300003000286650002800316650003200344650002800376942002600404999001900430952013100449OSt20251128150514.0210716s2013 xx 000 0 und d a9781439868362 cAIMIT LIBRARY aeng a005.762 bHANM aHancock, Monte F.9247149 aPractical data mining /cBy Monte F. Hancock. a1st ed. aMumbai :bShroff Publications and Distributers Pvt Ltd ,c2013. axxiii,277 p.;bPBc24 cm. aData evaluation9247150 aData mining process9247151 aData evaluation9247150 2ddccBKk005.762 HANM c196195d196195 001040708MCAaAIMITbAIMITeKnowledge Worldg500.00l0o005.762 HANMpMCA15710r2026-05-23 00:00:00v390.00w2021-07-16yBK